| 000 -LEADER |
| fixed length control field |
01659pab a2200157 454500 |
| 008 - FIXED-LENGTH DATA ELEMENTS--GENERAL INFORMATION |
| fixed length control field |
180718b2002 xxu||||| |||| 00| 0 eng d |
| 100 ## - MAIN ENTRY--PERSONAL NAME |
| Personal name |
Cavalcanti, clovis |
| 245 ## - TITLE STATEMENT |
| Title |
Economic thinking, traditional ecological knowledge and ethnoeconomics |
| 260 ## - PUBLICATION, DISTRIBUTION, ETC. |
| Date of publication, distribution, etc. |
2002 |
| 300 ## - PHYSICAL DESCRIPTION |
| Extent |
p.39-55. |
| 362 ## - DATES OF PUBLICATION AND/OR SEQUENTIAL DESIGNATION |
| Dates of publication and/or sequential designation |
Jan |
| 520 ## - SUMMARY, ETC. |
| Summary, etc. |
One of the limitations of economic development - with its emphasis on unlimited growth - is that it is pursued without any considerations as to its implications on ecosystems. The prevailing economic theories treat the economic process from a purely mechanistic standpoint. Different ways exist, however, to deal with the choices that humans have to make with respect to the allocation of resources, the distribution of its returns and the fulfilment of purposes of material progress. Indigenous, aboriginal or native ecological knowledge certainly is one of those ways, although `primitive' peoples are considered brute, ignorant, having nothing to offer modern society in terms of its achieving its economic goals. To understand how `primitive' societies solve their economic problems in a sustainable fashion is a serious challenge in this context. To that effect, the instruments of economics could should somehow be employed together with the approaches learned from economic anthropology, like those based on Mauss's gift theory. But a better grasp of this issue could possibly be accomplished with the use of what the late anthropologist Darrell Posey, with whom the author was developing the concept, called ethnoeconomics or ethnoecological economics. |
| 650 ## - SUBJECT ADDED ENTRY--TOPICAL TERM |
| Topical term or geographic name entry element |
Economics |
| 773 ## - HOST ITEM ENTRY |
| Main entry heading |
Current Sociology |
| 909 ## - |
| -- |
52299 |